| 000 | 00679nam a22002057a 4500 | ||
|---|---|---|---|
| 999 |
_c57395 _d57395 |
||
| 005 | 20221107164107.0 | ||
| 008 | 200615b xxu||||| |||| 00| 0 geo d | ||
| 020 | _a9780321960771 X | ||
| 041 | _aeng | ||
| 080 | _a611+612 M-30 | ||
| 100 |
_aMarieb, Elaine N. _98423 |
||
| 245 |
_aAnatomy and Physiology Coloring Workbook : _bA Complete Study Guide / _cElaine N. Marieb. |
||
| 250 | _aeleventh edition | ||
| 264 |
_aBoston : _bPearson, _c2015 |
||
| 300 |
_a404p. _b28 cm. |
||
| 653 | _aადამიანის ანატომია | ||
| 653 | _aადამიანის ფიზიოლოგია | ||
| 653 | _aმედიცინა | ||
| 942 |
_2udc _cBK |
||